[Event "EU-ch 2nd"]
[Site "Ohrid"]
[Date "2001.06.13"]
[Round "12"]
[White "Kacheishvili, Giorgi"]
[Black "Graf, Alexander"]
[Result "0-1"]
[WhiteElo "2570"]
[BlackElo "2649"]
[Annotator "Rabinovich,Al"]
[PlyCount "88"]
[EventDate "2001.06.01"]
[EventType "swiss"]
[EventRounds "13"]
[EventCountry "YUG"]
[SourceTitle "CBM 084"]
[Source "ChessBase"]
[SourceDate "2001.09.13"]
[SourceVersion "1"]
[SourceVersionDate "2001.09.13"]
[SourceQuality "1"]

1. d4 {[%mdl 4128]} Nf6 2. c4 e6 3. Nf3 b6 4. e3 Bb7 5. Bd3 Bb4+ 6. Nbd2 c5 (
6... O-O $5 7. O-O d5 8. a3 Be7 9. Qc2 Nbd7 10. cxd5 exd5 11. b4 a5 12. bxa5
Rxa5 13. Ne5 Ra7 14. Bb2 g6 15. Nc6 Bxc6 16. Qxc6 Qa8 $14 {1/2-1/2 Vaganian,
R-Kengis,E/Godesberger GER 2001/The Week in Chess 322 (40)}) 7. a3 Bxd2+ 8.
Bxd2 Ne4 9. Bxe4 Bxe4 10. Bc3 f6 (10... O-O $6 11. dxc5 bxc5 12. Qd6 Bxf3 13.
gxf3 Qb6 14. Qe7 Nc6 15. Qf6 $3 e5 16. Rg1 g6 17. O-O-O $18 {1-0 Piskov,
Y-Savon,V/Alushta 1992/EXT 97 (30)}) (10... d5 $6 11. dxc5 bxc5 12. Nd2 $1 Bxg2
(12... Bf5 13. cxd5 exd5 (13... Qxd5 14. e4 Bxe4 15. Qa4+ $18 {[%cal Ga4e8,
Ga4e4]}) 14. Qf3 $16) (12... Bg6 13. Bxg7 $16) 13. Qa4+ Kf8 (13... Qd7 14.
Qxd7+ Nxd7 15. Rg1 $16) 14. Rg1 $16 {[%csl Rf8]}) 11. dxc5 bxc5 12. Nd2 Bg6 13.
h4 {[%csl Rf6,Rg7,Gh6][%cal Gh4h5]} (13. b4 O-O 14. O-O Qc7 15. Rc1 d6 16. Qg4
Bf5 17. Qg3 Nd7 $11 {1/2-1/2 Portisch,L-Timman,J/Rotterdam 1989/CBM 13 (58)})
13... h5 $8 14. Qf3 Nc6 15. Ne4 {[%csl Rd6]} Qe7 16. Rd1 $14 {White has
reached a very convinient position.The weakness on d6 will force black to
exchange on e4 very soon.The pawn structure on the black K-side is not too
solid?! Black has to play very cautiously not to get into trouble in early
stage of the game.} Bxe4 (16... O-O 17. Nd6 $14 {[%csl Gc3,Gd1,Gd6,Gf3,Gh1]
[%cal Gh1h3,Gh3g3,Gg3g7]}) 17. Qxe4 Rd8 {[%cal Gd7d5]} 18. Qf3 (18. Qg6+ Qf7 (
18... Kf8 19. Rh3 $14) 19. Qxf7+ Kxf7 20. b4 $14 {[%cal Ge1e2] Before black
played a5!}) 18... Qf7 {[%cal Ge7f7,Gf7g6,Gg6g4,Gg4f3,Gg4c4]} (18... Ne5 19.
Bxe5 fxe5 20. Rh3 $16 {[%csl Ra7,Rc5,Re5,Rg7,Rh5][%cal Gf3e4,Ge4g6,Ge4b7]}) 19.
Rd6 Qg6 {Since the position is not open black can afford himself to loose a
few tempos for this Q-trip to g4.Without the queens on the board black will be
safe.} 20. O-O Qg4 21. Rfd1 a5 $1 {[%csl Ra3,Rb2][%cal Ga5a4]} 22. R1d2 (22.
Qxg4 $6 hxg4 23. g3 a4 24. Kf1 Ke7 25. R1d2 Rhf8 26. Ke1 Rf7 27. Kd1 Ke8 28.
Kc2 Rb8 $15 {[%csl Ra3,Ga4,Rb2,Rf2,Rg3,Gg4][%cal Gb7b3]}) 22... Ke7 {Black
defendes the best way. He still has to bring the second rook into the game,but
already now seems like white can't find the right plan and just makes some
logical moves,although the position is still slightly better for white it is
only due to his advantage in development.As soon as it dissapears,white can
reach even worse position.} 23. Qd1 Qxd1+ 24. Rxd1 a4 {[%csl Ra3,Ga4,Rb2,Rc4]}
25. f3 (25. f4 $142 {Some active resources.White had to play more activly and
to try to use the fact that black K is in the center and black pieces yet in
the game.} Rhf8 26. e4 Rf7) 25... Rhf8 26. Kf2 (26. f4 $5) 26... Rf7 $11 {
Black is regrouping his pieces.The best setup for black is :Rb7,Ra6,Ke7 and N
can be on d6 or better square in the future.On the other hand white can't
really improve the placement of his pieces,but he can organyze some
counterplay on the K-side by moving the g-h pawns.} 27. Ke2 Ke8 28. Kd3 Rb8 29.
Kc2 Rb7 30. R6d2 {White is choosing the waiting strategy,what in this position
is still possible,but later white will have to find active plan on the K-side
otherways black will be better.} Ke7 31. Rd3 Rf8 32. R3d2 Rfb8 33. Rd3 Ra8 34.
R1d2 {White is waiting,but he should be aware of black's: d5 and c4!} Ra6 {
Black placed bestly his rooks,now it is time for the N,he can be on d6 or f5.
White position is a bit passive,so white's best plan is g4 followed by g5 or
h5.} 35. Rd6 Ra8 (35... Nd4+ $6 36. Bxd4 Kxd6 37. Bxf6+ Kc6 38. Bxg7 d5 39. Be5
$14) 36. R6d3 Nd8 37. Rd1 Nf7 38. Bd2 $4 {This move is loosing a pawn and
white gets no real compensation for it.} (38. R3d2 $5 Ra6 39. g4 $5 hxg4 40.
fxg4 Nd6 41. Kd3 $132 {[%cal Gg4g5,Gd2g2,Gd1h1,Gh4h5]}) 38... Ne5 39. Rc3 Rab8
40. Bc1 Rb3 $19 41. Rxb3 (41. f4 Rxc3+ 42. Kxc3 Rb3+ 43. Kc2 Nxc4 $19) 41...
Rxb3 42. e4 Nxc4 {Black has an extra pawn and better placed pieces,from now on
it is just the matter of technic.} 43. Rd3 Rxd3 44. Kxd3 d5 {White chose not
check black technic and resigned.And indeed black position is completly
winning in addition to extra pawn white B very passive and black shouldn't
have problems with winning this ending.} 0-1

[Event "Cutro 07th"]
[Site "Cutro"]
[Date "2001.04.22"]
[Round "1"]
[White "Chatalbashev, Boris"]
[Black "Drasko, Milan"]
[Result "1-0"]
[WhiteElo "2518"]
[BlackElo "2521"]
[Annotator "Rabinovich,Al"]
[PlyCount "81"]
[EventDate "2001.04.22"]
[EventType "tourn"]
[EventRounds "10"]
[EventCountry "ITA"]
[EventCategory "9"]
[SourceTitle "CBM 083"]
[Source "ChessBase"]
[SourceDate "2001.07.05"]
[SourceVersion "1"]
[SourceVersionDate "2001.07.05"]
[SourceQuality "1"]

1. d4 e6 2. c4 Nf6 3. Nf3 Bb4+ 4. Nbd2 {I think this line is quiet promising
one for white.White gains already in the begginning a small,but a long range
advantage.In addition to solid center,white enjoys in the near future of pare
of bishops and easy game.In my opinion 3...b6 gives black better chances for
equalization.} b6 5. a3 {Logical continuation.If white plays 5.e3 and then a3,
black keeps an option after 5...Bb7 to keep the dark-square B.The important
difference is that now black forced to exchange the B,since 5...Be7 will be
followed by 6.e4!} (5. g3 Bb7 6. Bg2 c5 7. a3 Bxd2+ 8. Qxd2 Nc6 9. dxc5 bxc5
10. O-O O-O 11. b4 $14 {[%csl Gc1,Gg2][%cal Gc1b2] 1-0 Nikolic,P-Allen,A/
Surfers Paradise AUS 2000/The Week in Chess 292 (29)}) 5... Bxd2+ 6. Qxd2 Bb7 {
[%csl Ge4] e4 square,may be the most important square in this line.The one
will take control on this square will get good game.} 7. e3 O-O 8. Be2 (8. Bd3
$5 {Interesting move,which in my opinion deserves more attantion.In my
database white scored close to 90% in this line,I guess this line should be
checked more.} a5 {[%csl Rb3][%cal Ga5a4]} 9. b3 d6 10. O-O Nbd7 11. Bb2 Ne4
12. Qc2 f5 $13 {[%cal Gf8f6,Gf6h6]}) 8... d6 9. O-O Nbd7 10. b4 a5 11. Bb2 axb4
(11... Qe7 12. Qc2 c5 13. dxc5 bxc5 14. b5 a4 15. Rad1 Rfd8 16. Nd2 Nb6 17. Bf3
Bxf3 18. Nxf3 e5 19. Nd2 $14 {[%csl Gb2][%cal Gf2f4] 1-0 Kozul,Z-Hulak,K/
Slavonski Brod 1995/CBM 48 (41)}) 12. axb4 Qe7 {[%cal Gc7c5,Ge6e5]} 13. Qc2 c5
(13... e5 14. d5 b5 $6 (14... c6 15. e4 (15. dxc6 Bxc6 $14) 15... cxd5 16. cxd5
$16 {Black has no space for his pieces.}) 15. e4 $1 bxc4 16. Bxc4 Nb6 17. Bb5
$16 {[%csl Rb7,Rc7]}) 14. Qb3 $14 {Now we can clearly say that white is
slightly better.Black should be very carefull,since white can always open up
the position and white bishops can be strong.} (14. dxc5 dxc5 15. b5 e5 16. Qf5
Be4 17. Qg5 h6 $11) 14... Rfb8 15. Rxa8 Rxa8 (15... Bxa8 16. Ra1 $14 {[%cal
Ga1a7]}) 16. Rd1 (16. bxc5 bxc5 17. Qxb7 Rb8 18. Qc6 Rxb2 19. Bd3 $11) 16...
Qf8 $6 (16... d5 $5 17. dxc5 bxc5 18. b5 Nb6 19. Ne5 Ne4 $132 {[%cal Ge4d6,
Gd6c4,Gb6c4,Gd5c4] Black has enough counterplay .White pare of bishops is not
felt as an influance of black knights on the white center.}) 17. dxc5 bxc5 (
17... dxc5 18. bxc5 Nxc5 19. Qb4 (19. Qxb6 $4 Bxf3 20. Bxf3 Rb8 $19) 19... Nfd7
20. Ne5 $14 {And again white keeps some adge only thanks to pare of bishops.})
18. Bxf6 Nxf6 19. bxc5 Bxf3 (19... Rb8 $5) 20. Bxf3 Rb8 21. Qa3 dxc5 {White
has good B agains worse N.The weakness on c5 forces black to be cautious.} 22.
Qa7 {[%mdl 4128]} h6 23. g3 {[%csl Rf6]} Qc8 $2 {Black has no counerplay and
this is what kills him at the end.} (23... e5 24. Bd5 {[%cal Gd5f7]} Rc8 25. e4
$16 {[%cal Gd1b1,Gb1b7]}) 24. h4 $1 Qf8 25. Rd2 $16 e5 {Finally black is
trying something.} (25... Rb1+ 26. Kg2 Rb4 27. Qc7 Ne8) 26. Bd5 (26. e4 Rc8 27.
Rb2 Qd6 28. Rb7 Qe6 {And black is holding.}) 26... Rb1+ 27. Kg2 e4 28. Qc7 Qe8
29. h5 $2 {This move is not needed.After such a nice game white gives black
surviving chances.} (29. Qxc5 $18) 29... Nxd5 $2 {This move is loosing by
force.} (29... Rb3 $142 $1 30. Qxc5 Qd7 $44 {[%cal Gd7g4,Gg4f3]}) 30. Rxd5 $18
Qe6 31. Rxc5 Qf6 (31... Qg4 32. Qc8+ Qxc8 33. Rxc8+ Kh7 34. g4 $18) 32. Qc8+ $1
{The quickest way to win.} Kh7 33. Qf5+ Qxf5 34. Rxf5 {[%csl Re4]} Rc1 (34...
Kg8 35. Re5) 35. Rxf7 Rxc4 36. g4 {[%cal Gg2g3,Gg3f4]} Rc6 37. Kg3 Re6 38. Kf4
Kg8 39. Rf5 Re8 40. Re5 Rf8+ 41. Kg3 1-0

[Event "Corus-B"]
[Site "Wijk aan Zee"]
[Date "2001.01.18"]
[Round "3"]
[White "Harikrishna, Pentala"]
[Black "Hoeksema, Hendrik Pieter"]
[Result "1-0"]
[WhiteElo "2514"]
[BlackElo "2382"]
[Annotator "Rabinovich,Al"]
[PlyCount "63"]
[EventDate "2001.01.13"]
[EventType "tourn"]
[EventRounds "11"]
[EventCountry "NED"]
[EventCategory "10"]
[SourceTitle "CBM 081"]
[Source "ChessBase"]
[SourceDate "2001.03.20"]
[SourceVersion "1"]
[SourceVersionDate "2001.03.20"]
[SourceQuality "1"]

1. d4 Nf6 2. c4 e6 3. Nf3 b6 (3... d5 4. Nc3 Nbd7 5. e3 Be7 6. b3 O-O 7. Bd3 b6
8. O-O Bb7 9. Bb2 c5 10. Qe2 {We could reach the same position also from the
text moves.} a6 $2 (10... Ne4 $5 {With unclear game.Black must gain some
counterplay.}) 11. cxd5 exd5 12. Rfd1 Re8 13. Bf5 b5 14. dxc5 Nxc5 15. Qe1 $16
{[%csl Rd5][%cal Gc3e2,Ge2f4,Ge2d4] 1-0 Korchnoi,V-Piket,J/Wijk aan Zee NED
2000/The Week in Chess 273 (60)}) 4. e3 {The alternative for the main 4.g3
line. Black mostly succedes to gain good piece development and good pawn
structure.The struggle is taking place usually in the center,when black plays
d5 and afterwards c5.If white manages to prevent one of them he gets better
game, if black attackes white center with c5 and d5 white can take on c5 and
on d5 and play position with hanging pawns with all advantages and
disadvantages of it.White major problem is the dark square B.The only good
place is on b2,from he usually helps white N to enter the e5 square.From the
other hand if black exchanges this B on b2 by playing in the future Ba3,he can
enjoy of black squares weaknesses on the queenside.} Bb7 (4... d5 5. Nc3 Bb7 6.
Bd3 Bd6 7. O-O O-O 8. Qe2 Ne4 9. Nd2 f5 10. f3 Nxc3 11. bxc3 Nd7 12. Bb2 c5 13.
e4 dxe4 14. fxe4 fxe4 15. Rxf8+ Nxf8 16. Nxe4 $14 {1-0 Doettling,F-Gavrikov,V/
Bad Wiessee GER 2000/The Week in Chess 314 (47)}) 5. Bd3 d5 (5... g6 $5 6. Nc3
Bg7 7. O-O d6 8. e4 O-O 9. Re1 {Strange King's Indian,white is better. The
development of the light pieces is almost finished,center is built and black
didn't start attacking it yet.I think if black so passioned to play Indians
structures,he would rather do it immideatly.} Nbd7 10. Bf1 a6 11. h3 h6 12. Qc2
Nh7 13. d5 e5 14. g3 $14 f5 $2 15. Nh4 $40 Qf6 16. exf5 gxf5 17. Bd3 e4 {
[%tqu "En","White played his previous move in addition to play this move,what
was on his mind?","","","c3e4","Very nice.White pieces placed too comfortable
for this sacrafise.White ruins the black defence and begins a powerfull attack.
",10]} 18. Nxe4 $1 fxe4 19. Bxe4 Ng5 20. Bxg5 hxg5 21. Bh7+ Kf7 22. Re6 $18 {
1-0 Kacheishvili,G-Sakaev,K/Anibal Open ESP 2001/The Week in Chess 323 (29)})
6. cxd5 exd5 7. O-O Bd6 8. Nc3 Nbd7 9. b3 {Another plan for white is 9.Qc2 and
push e4,which doesn't look too promising.But black should be carefull,white
threates now Nb5 what forces black to play a6,Timman agains Portisch ttried to
fight for the center immideatly by playing c5,but the expirement wasn't
succesfull.} (9. Qc2 {[%cal Ge3e4,Gc3b5,Gb5d6,Gb5c7]} c5 $6 10. e4 c4 11. e5
cxd3 12. Qxd3 Be7 13. exf6 Nxf6 14. Qb5+ Qd7 15. Re1 Ne4 16. Qxd7+ Kxd7 17.
Ne5+ Ke8 18. Nb5 Kf8 19. f3 Bb4 20. Rd1 $16 {1-0 Portisch,L-Timman,J/Hilversum
1984/MCD (50)}) 9... O-O 10. Bb2 a6 {[%csl Gb5]} 11. Rc1 Qe7 12. Ne2 {Opening
c-file,dark square B and removing the N to the K side.} (12. Qc2 Ne4 $132 {
[%cal Gf7f5]}) 12... Ne4 13. Ng3 {[%cal Gg3f5]} g6 {[%csl Gf5][%cal Gf7f5]} 14.
Rc2 Rfc8 $6 {This move is not needed.Better was to look for counter play in
the center and on the kingside.} (14... f5 15. Qe2 $14 (15. Re1 g5 16. Nf1 g4
17. N3d2 Qh4 $36 {[%cal Gf8f6,Gf6g6,Gf6h6,Ga8f8] Black has good chances for
the attack.}) 15... g5 $6 (15... Nxg3 16. hxg3 Rfe8 17. Rfc1 c6 $14 {[%csl Ra6,
Rb6,Rb7,Rc6] The bigest black problem: lack of space is not solved yet,that's
why white has better chances for the future.}) 16. Rfc1 g4 17. Bxe4 dxe4 18.
Ne5 Qe6 (18... Nxe5 19. dxe5 Bxe5 20. Qc4+ Kh8 21. Bxe5+ Qxe5 22. Qxc7 Qxc7 23.
Rxc7 $16 {[%csl Rb7,Re4,Rf5,Rg4]}) 19. Nh5 $16 {[%cal Gh5f4]}) 15. Qe2 f5 16.
Rfc1 $14 c6 (16... Nxg3 17. hxg3 c5 18. Qd2 $14) 17. Nf1 {[%cal Gf3e1,Gf2f3]}
a5 {[%cal Ga5a4]} 18. a4 {[%csl Rb4]} Bb4 $6 {Tempting,but wrong. B does
nothing there and the next move it goes back.} 19. Ne1 Bd6 20. Qd1 $1 {[%cal
Gf2f3] Important move.White won't be able after playing f3 to take on e4
without this profylactic move.} Rf8 $6 {Where are you going?Black is preparing
f4? Or may be was preparing against f3,e4? Anyway this is not the best way to
play.Black suffers from lack of space,it seems like B on b7 is an audience,the
only idea which might help both is-c5.O.k it does look dangerous,but in order
to win you have to risk.It must give more chances for fight than the move in
the text.} (20... c5 21. Nf3 $14 {White is still better,but at least black has
some ideas now,chances for counterplay.}) 21. f3 Ng5 (21... Nef6 $142) 22. f4 (
22. Re2 $14 {[%cal Gd1c2,Gf1d2,Ge3e4]}) 22... Ne4 23. Nf3 $36 {[%cal Gf3e5]
The difference between the knights on e4 and e5 will be felt.The one on e5
will attack the c6 square,which will very hard to defend,while the one on e4
won't be doing much.} Nb8 (23... c5 {Was the only chance to stay in the
busness.Now white gains a serious initiative.} 24. Ne5 Ndf6 $14) 24. Ne5 $16
Bxe5 $6 25. dxe5 {[%cal Gd3e4,Ge5e6,Gd1d4,Gd4h8]} Qe6 $8 26. Bxe4 $1 {Very
good decition.N was the only black piece which played somehow.Now the
difference between the bishops will be felt very well.Q is stopping the e-pawn
to promote and to open the B on b2,but we all know that Q as a blockade piece
is not so good.....} fxe4 27. g4 {[%cal Gc2g2,Gf4f5]} Nd7 28. Ng3 {[%cal Gf4f5,
Ge5e6]} Qe7 $4 {Loosing by force.} (28... Nc5 $5 29. f5 Qe7 30. Rxc5 bxc5 31.
e6 gxf5 32. gxf5 Qg5 33. Kh1 $16 {[%csl Gb2,Ge6,Gf5][%cal Gd1d2,Gd2c3,Gc1g1]
White has very powerfull attack.}) {[%tqu "En","Black queen is removed from
blocking e6 square.How white can finish his plan?","","","c2c6","Correct.Black
king finds himself totally naked....",10]} 29. Rxc6 $18 Bxc6 30. Rxc6 {[%csl
Rd5,Re4,Rg8]} Rad8 31. Qxd5+ Kh8 (31... Qf7 32. e6 $18) 32. Rd6 {[%cal Gd6d7,
Ge5e6]} 1-0

[Event "Linares Anibal op 08th"]
[Site "Linares"]
[Date "2001.01.14"]
[Round "7"]
[White "Kacheishvili, Giorgi"]
[Black "Sakaev, Konstantin"]
[Result "1-0"]
[WhiteElo "2556"]
[BlackElo "2639"]
[Annotator "Rabinovich,Al"]
[PlyCount "57"]
[EventDate "2001.01.08"]
[EventType "swiss"]
[EventRounds "11"]
[EventCountry "ESP"]
[SourceTitle "CBM 081"]
[Source "ChessBase"]
[SourceDate "2001.03.20"]
[SourceVersion "1"]
[SourceVersionDate "2001.03.20"]
[SourceQuality "1"]

1. d4 Nf6 2. c4 e6 3. Nf3 b6 4. e3 Bb7 5. Bd3 g6 {Black transfers the game to
King's Indian positions.If we compare it to normal King's Indian black didn't
loose time,because white will play e4 after he played e3 and black also will
play e5 after he played e6,but the difference is actually quiet big: 1.The B
on b7 is placed bad in case of plaing e5 or c5.2.Black begins to fight for the
center too late,white already finishing the development.3.When black will play
e5,white will be able to close the game with d5,what will take black's light
square B out of the game for a while.Black will have to play Bc8,remove the N
from d7 in order to bring him back to the game and it will give white time to
start some action in the center or on the sides.} 6. Nc3 Bg7 (6... d5 7. O-O
Bg7 8. cxd5 Nxd5 9. e4 Nxc3 10. bxc3 O-O 11. Bg5 Qd6 12. Qc1 c5 13. e5 Qd7 14.
Qf4 $11 {0-1 Galliamova,A-Epishin,V/Vienna 1996/CBM 53 ext (30)}) 7. O-O d6 (
7... d5 $5) 8. e4 O-O 9. Re1 Nbd7 10. Bf1 a6 (10... c5 11. d5 exd5 12. cxd5 $14
{[%cal Ga2a4,Gf3d2,Gd2c4]}) 11. h3 h6 12. Qc2 (12. Bf4 Nh5 13. Bh2 e5 14. d5
$14 {[%csl Rb7]}) 12... Nh7 $6 {[%cal Ge6e5,Gf7f5] Black is preparing e5 and
afterwards f5.} (12... c5 $5 13. d5 e5 14. Be3 Nh5 15. Qd2 Kh7 $14 {Position
is slightly better for white,but black has some counter chances.He should play
Bc8 and prepare slowly f5.}) 13. d5 {Like forcing black to do what he wanted,
but actually preparing very nice combination.} e5 (13... exd5 14. exd5 $14 {
[%csl Rb7][%cal Gc1e3,Ge3d4]}) 14. g3 $1 {[%cal Gf3h4] Very good move.White
planned his attack and waiting for f5.Black already have bad position.If he
doesn't play now f5,after Nh4 is not clear how he will be able to play it
later.May be the best plan for black was to bring the B on b7 to c8,by playing
Ndf6,Bc8,Ne8 and then f5.In that time white will play b4 and c5 what surely
will give him advantage.} f5 $2 {It is always dangerous to play f5 when light
square B is not supporting it,but now it's a decisive mistake.White pieces
placed very well for beginning attack.} 15. Nh4 $16 Qf6 {Black doesn't feel
any danger....} 16. exf5 $1 {[%csl Rb7,Rh7] Correct, to open position.} gxf5
17. Bd3 $40 e4 {Now black is loosing,but his position is already bad.As you
will see,the B on b7 won't move until the end of the game.The light square
weaknesses are felt too much and white uses it the best way.} {[%tqu "En",
"White played his previous move in order to play.......","","","c3e4","Nice.
Now white is winning easily.",10]} 18. Nxe4 $1 fxe4 19. Bxe4 {[%csl Re6,Rf5,
Rg6]} Ng5 20. Bxg5 {Getting rid of the last piece,who defended light squares.}
hxg5 (20... Qxg5 21. Bh7+ Kh8 22. Ng6+ Kxh7 23. Nxf8+ Kg8 24. Nxd7 Rd8 25. Qe4
Bc8 26. h4 Qh5 27. Qe7 Rxd7 28. Qe8+ Qxe8 29. Rxe8+ Kf7 30. Rxc8 $18) 21. Bh7+
Kf7 $6 (21... Kh8 22. Ng6+ (22. Re6 $4 Qxf2+ 23. Qxf2 Rxf2 24. Kxf2 gxh4) 22...
Kxh7 23. Nxf8+ Kg8 24. Nxd7 Qf7 25. Re6 Qxd7 26. Qg6 Rf8 27. Qxg5 Qf7 {[%cal
Gb7c8,Gf7f2] Black is probably lost,but could have some counter chances.A pare
of bishops can make some troubles.After the move in the text black is hopeless.
}) 22. Re6 $1 $18 {White uses all the weak spots.} gxh4 23. Rxf6+ Bxf6 $8 (
23... Nxf6 24. Qg6+ Ke7 25. Qxg7+ $18) 24. Re1 {[%cal Gc2g6]} Ne5 $8 25. Qf5
hxg3 $6 {Black doesn't see white's idea.} (25... Bc8 $142 26. Qh5+ Ke7 (26...
Kg7 27. f4 (27. Rxe5 Bxe5 28. Qg6+ Kh8 29. Qh5 (29. Bg8 $4 Bf5 $19) 29... Kg7
30. Qg6+ Kh8) 27... Nf3+ 28. Qxf3 Kxh7 29. g4 $18 {[%cal Gg4g5,Gf3h5,Ge1e7]})
27. f4 $18) 26. Qh5+ Kg7 (26... Ke7 27. f4 $18) {[%tqu "En","How would you
finish white's attack?","","","e1e5","Correct.Black gets mated.",10]} 27. Rxe5
$1 Bxe5 28. Qg6+ Kh8 29. Bg8 {[%cal Gg6h7,Gf8g8,Gg6h6]} 1-0